000 00956cam a2200181ua 4500
020 _cRs 12.00
041 _amal
_h
082 _a894.8121
_bVIJ/SR
110 1 _aVijaya Publications .
_b
_c(Irinjalakkuda, Thrissur, Kerala )
245 _aSree Krishna charitham /
_cVijaya Publications.
_hTextual Documents
250 _a1 /
_b.
260 _aIrinjalakkuda :
_bVijaya Publishing House.
300 _a154 ; .
365 _aRs 12.00
504 _a
942 _cBK
999 _c4042
_d4042